| 000 | 00458cam a2200205ua 4500 | ||
|---|---|---|---|
| 020 | _c20.00 (PB) | ||
| 041 |
_aeng _h |
||
| 082 |
_a005.36 _bJAI/CO |
||
| 100 |
_aJain, V K . _95989 |
||
| 245 |
_aComputer for beginners / _cV K Jain. _hTextual Documents |
||
| 250 |
_a2 / _b. |
||
| 260 |
_aNew Delhi : _bPustak Mahal , _c1986. |
||
| 300 | _a151 ; . | ||
| 365 | _a20.00 | ||
| 504 | _a | ||
| 942 | _cBK | ||
| 999 |
_c79 _d79 |
||
| 003 | @ | ||
| 003 | OSt | ||